Normal view
MARC view
- Ahmad Rafiq Akhtar, Prof
Entry Personal Name
001 - CONTROL NUMBER
- control field: 88616
003 - CONTROL NUMBER IDENTIFIER
- control field: NUST
005 - DATE AND TIME OF LATEST TRANSACTION
- control field: 20220124143934.0
008 - FIXED-LENGTH DATA ELEMENTS
- fixed length control field: 220124|| aca||aabn | a|a d
040 ## - CATALOGING SOURCE
- Original cataloging agency: NUST
- Transcribing agency: NUST
100 ## - HEADING--PERSONAL NAME
- Personal name: Ahmad Rafiq Akhtar, Prof
670 ## - SOURCE DATA FOUND
- Source citation: Work cat.: (NUST): Ahmad Rafiq Akhtar, Prof , Paiman E Azal, 2016.
